000 00485nam a2200181Ia 4500
999 _c29221
_d29221
003 OSt
005 20210106113430.0
008 190216s9999||||xx |||||||||||||| ||und||
020 _a9788124017364
040 _coclc
082 _a894.812301
_bVEN/A
100 _aVenugopan
_98198
245 0 _aAarumukhan /
_cVenugopan
260 _bDc Books,
_aKottayam:
_c2007.
300 _a71p
650 _aNovel
942 _cBK
_2ddc
_h894.812301
_iVEN/A
_k894.812301
_mVEN/A